书目信息 |
| 题名: |
城市园林艺术
|
|
| 作者: | 周武忠 著 | |
| 分册: | ||
| 出版信息: | 北京 东南大学出版社 2000.09 |
|
| 页数: | 246页 | |
| 开本: | 26cm | |
| 丛书名: | 新世纪中国城乡规划与建筑设计丛书城市规划与建筑设计子丛书(第二辑) | |
| 单 册: | ||
| 中图分类: | TU986.1 | |
| 科图分类: | ||
| 主题词: | 园林--规划 , 公园--绿化规划 | |
| 电子资源: | ||
| ISBN: | 7-81050-617-X | |
| 000 | 00743nam0 2200229 45 | |
| 001 | 0232695174 | |
| 005 | 2002060809045517 | |
| 010 | @a7-81050-617-X@b压膜@dRMB 85.00 | |
| 100 | @a20020608d2000 km y0chiy0120 ea | |
| 101 | 0 | @achi |
| 102 | @aCN | |
| 200 | 1 | @a城市园林艺术@Acheng shi yuan lin yi shu@f周武忠著@Fzhou wu zhong zhu |
| 210 | @a北京@c东南大学出版社@d2000.09 | |
| 215 | @a246页@d26cm | |
| 225 | 2 | @a新世纪中国城乡规划与建筑设计丛书城市规划与建筑设计子丛书(第二辑) |
| 461 | 0 | @12001 @a新世纪中国城乡规划与建筑设计丛书城市规划与建筑设计子丛书(第二辑) |
| 606 | 0 | @a园林@x规划 |
| 606 | 0 | @a公园@x绿化规划 |
| 690 | @aTU986.1@v3 | |
| 701 | 0 | @a周武忠@Azhou wu zhong@4著 |
| 801 | 0 | @aCN@bPFT@c20020608 |
| 905 | @a10447@dTU986.1@eZ800 | |
| 城市园林艺术/周武忠著.-北京:东南大学出版社,2000.09 |
| 246页;26cm.-(新世纪中国城乡规划与建筑设计丛书城市规划与建筑设计子丛书(第二辑)) |
| ISBN 7-81050-617-X(压膜):RMB 85.00 |
| ● |
| 相关链接 |
|
|
|
正题名:城市园林艺术
索取号:TU986.1/Z800
 
预约/预借
| 序号 | 登录号 | 条形码 | 馆藏地/架位号 | 状态 | 备注 |
| 1 | 359573 | 203595733 | 建筑与城市规划学院资料室/201建筑库 68排2列5层/ [索取号:TU986.1/Z800] | 在馆 | |
| 2 | 359574 | 203595742 | 建筑库201/201建筑库 67排2列5层/ [索取号:TU986.1/Z800] | 在馆 |